Comparison of different organic mulching on allium fistulosum under dry season in kreang svay village, songkat prek kampeus, dangkor district, phnom penh, ប្រៀបធៀបតម្របធម្មជាតិផ្សេងៗគ្នាទៅលើដំណាំខ្ទឹមស្លឹកនៅរដូវប្រាំង នៅភូមិក្រាំងស្វាយ សង្កាត់ព្រែកកំពឹស ខណ្ឌដង្កោ រាជធានីភ្នំពេញ (Record no. 8077)

000 -LEADER
fixed length control field 00916nam a22001577a 4500
003 - CONTROL NUMBER IDENTIFIER
control field OSt
005 - DATE AND TIME OF LATEST TRANSACTION
control field 20160616103032.0
008 - FIXED-LENGTH DATA ELEMENTS--GENERAL INFORMATION
fixed length control field 160616b xxu||||| |||| 00| 0 eng d
040 ## - CATALOGING SOURCE
Transcribing agency RUA
082 ## - DEWEY DECIMAL CLASSIFICATION NUMBER
Classification number AGR LEN 2014 B475 Or.1
100 ## - MAIN ENTRY--PERSONAL NAME
9 (RLIN) 8431
Personal name LENG HONGTRAY; ឡេង ហុងត្រាយ
245 ## - TITLE STATEMENT
Title Comparison of different organic mulching on allium fistulosum under dry season in kreang svay village, songkat prek kampeus, dangkor district, phnom penh, ប្រៀបធៀបតម្របធម្មជាតិផ្សេងៗគ្នាទៅលើដំណាំខ្ទឹមស្លឹកនៅរដូវប្រាំង នៅភូមិក្រាំងស្វាយ សង្កាត់ព្រែកកំពឹស ខណ្ឌដង្កោ រាជធានីភ្នំពេញ
260 ## - PUBLICATION, DISTRIBUTION, ETC. (IMPRINT)
Place of publication, distribution, etc. Phnom Penh
Name of publisher, distributor, etc. RUA
Date of publication, distribution, etc. 2014
300 ## - PHYSICAL DESCRIPTION
Extent xii,38p.
Other physical details ill.
Dimensions 29cm.
942 ## - ADDED ENTRY ELEMENTS (KOHA)
Source of classification or shelving scheme
Koha item type AGR
Holdings
Price effective from Date last seen Permanent Location Not for loan Date acquired Source of classification or shelving scheme Koha item type Lost status Withdrawn status Date last checked out Total Checkouts Shelving location Damaged status Barcode Checked out Current Location Full call number
2016-06-162016-06-16Library Block B 2016-06-16 AGR    B475 RUA059662 Library Block BAGR LEN 2014 B475 Or.1
2016-06-162016-10-22Library Block B 2016-06-16 AGR  2016-10-221B475 RUA058522 Library Block BAGR LEN 2014 B475 Or.2
2016-06-162016-06-16Library Block B 2016-06-16 AGR    B475 RUA058873 Library Block BAGR LEN 2014 B475 Or.3
2016-06-162016-06-16Library Block B 2016-06-16 AGR    B475 RUA058769 Library Block BAGR LEN 2014 B475 Or.4
2016-06-162016-06-16Library Block B 2016-06-16 AGR    B475 RUA058989 Library Block BAGR LEN 2014 B475 Or.5
2016-06-162018-11-13Library Block B 2016-06-16 AGR  2018-11-134B475 RUA0586262018-11-30Library Block BAGR LEN 2014 B475 Or.6
2016-06-162016-06-16Library Block B 2016-06-16 AGR    B475 RUA058754 Library Block BAGR LEN 2014 B475 Or.7
2016-06-162016-06-16Library Block B 2016-06-16 AGR    B475 RUA059009 Library Block BAGR LEN 2014 B475 Or.8
2021-10-112021-10-11Library Block B 2021-10-11 AGR    B691 A066535 Library Block BAGR LEN 2014 B691 Or.1
2021-10-112024-07-29Library Block B 2021-10-11 AGR  2024-07-171B691 A066595 Library Block BAGR LEN 2014 B691 Or.1
មជ្ឈមណ្ឌលឯការនៃសាកលវិទ្យាល័យភូមិន្ទកសិកម្មចំការដូង

Powered by Koha